Los mecanismos reguladores en legislación Salvadoreña para el cumplimiento de la obligación alimenticia de los hijos, en la ciudad de San Vicente, de Enero 2002 al mes de Agosto 2003. (Registro nro. 10471)

Detalles MARC
000 -LEADER
fixed length control field 00832nam a2200205Ia 4500
005 - FECHA Y HORA DE LA ÚLTIMA TRANSACCIÓN
control field 20240122111150.0
008 - FIXED-LENGTH DATA ELEMENTS--GENERAL INFORMATION
fixed length control field 240116s9999 xx 000 0 und d
040 ## - CATALOGING SOURCE
Original cataloging agency UPAN
Transcribing agency Biblioteca San Vicente
Description conventions RCAA2
041 ## - LANGUAGE CODE
Language code of text/sound track or separate title spa
082 ## - DEWEY DECIMAL CLASSIFICATION NUMBER
Classification number 346.015
Item number Rod
año de publicación 2003
100 ## - MAIN ENTRY--PERSONAL NAME
Personal name Rodríguez Martínez, Eugenia Margarita;
Relator code aut.
245 #0 - TITLE STATEMENT
Title Los mecanismos reguladores en legislación Salvadoreña para el cumplimiento de la obligación alimenticia de los hijos, en la ciudad de San Vicente, de Enero 2002 al mes de Agosto 2003.
260 ## - PUBLICATION, DISTRIBUTION, ETC. (IMPRINT)
Place of publication, distribution, etc San Vicente:
Name of publisher, distributor, etc Universidad Panamericana,
Date of publication, distribution, etc 2003
300 ## - PHYSICAL DESCRIPTION
Extent 138 p.;
Dimensions 28 cm.
650 ## - SUBJECT ADDED ENTRY--TOPICAL TERM
Source of heading or term LEMB
Topical term or geographic name as entry element Cuota alimenticia
700 ## - ADDED ENTRY--PERSONAL NAME
Personal name Rodrìguez de Ventura, Ana Carolina
Relator code aut.
700 ## - ADDED ENTRY--PERSONAL NAME
Personal name Ruìz Càceres, Antonia Guadalupe
Relator code aut.
700 ## - ADDED ENTRY--PERSONAL NAME
Personal name Ventura, Joel Alberto
Relator code aut.
942 ## - ADDED ENTRY ELEMENTS (KOHA)
Koha item type Libros
Source of classification or shelving scheme Dewey Decimal Classification
Existencias
Withdrawn status Lost status Source of classification or shelving scheme Damaged status Not for loan Collection code Home library Current library Date acquired Total Checkouts Full call number Barcode Date last seen Copy number Price effective from Koha item type
    Dewey Decimal Classification     Tesario Biblioteca UPAN San Vicente Biblioteca UPAN San Vicente 16/01/2024   346.015 Rod 12100156 16/01/2024 01 16/01/2024 Trabajos de Grado